LEADER 00888cam0 22002531 450 001 SOBE00035498 005 20130717130107.0 100 $a20130717f1946 |||||ita|0103 ba 101 $aita 102 $aIT 200 1 $a<>pittura romana$elezioni del prof. D. Mustilli, raccolte dalla dott. Lidia Forti$eCorso di archeologia 1945-46 210 $aNapoli$cLoffredo$d[1946?] 215 $a172 p.$d21 cm 700 1$aMustilli$b, Domenico$3AF00009633$4070$0185541 702 1$aForti, Livia$3SOBA00007982$4070 801 0$aIT$bUNISOB$c20130717$gRICA 850 $aUNISOB 852 $aUNISOB$jFondo|Cosenza$m161756 912 $aSOBE00035498 940 $aM 102 Monografia moderna SBN 941 $aM 957 $aFondo|Cosenza$b000222$gSI$d161756$hCosenza$rdono$tN$1menle$2UNISOB$3UNISOB$420130717130134.0$520130717130201.0$6menle 996 $aPittura romana$91713377 997 $aUNISOB LEADER 00856cam0 2200265 450 001 E600200039007 005 20210913084456.0 100 $a20080729d2008 |||||ita|0103 ba 101 $aita 102 $aIT 200 1 $aSarinagara$fPhilippe Forest$gtrad. Gabriella Bosco 210 $aPadova$cAlet Edizioni$d2008 215 $a265 p.$d21 cm 225 2 $aPerieli$enarrativa$v45 410 1$1001LAEC00025273$12001 $a*Perieli : narrativa$v45 700 1$aForest$b, Philippe$3A600200049185$4070$0157598 801 0$aIT$bUNISOB$c20210913$gRICA 850 $aUNISOB 852 $aUNISOB$j840$m139513 912 $aE600200039007 940 $aM 102 Monografia moderna SBN 941 $aM 957 $a840$b001485$gSi$d139513$racquisto$1catenacci$2UNISOB$3UNISOB$420080729084312.0$520151106121958.0$6Alfano 996 $aSarinagara$91685838 997 $aUNISOB